[Event "FIDE World Rapid Team"]
[Site "London ENG"]
[Date "2025.06.13"]
[Round "10.3"]
[White "Barwick, Carmel"]
[Black "Mihailidou, Magdalini"]
[Result "0-1"]
[WhiteElo "1915"]
[BlackElo "1822"]
[EventDate "2025.06.11"]
[Board "6"]

1. Nf3 Nf6 2. b3 d6 3. Bb2 e5 4. d3 Nc6 5. e3 g6 6. Be2 Bg7 7. O-O O-O 8.
h3 Be6 9. Nbd2 Nd7 10. d4 f5 11. dxe5 Ndxe5 12. Qc1 f4 13. e4 g5 14. Nh2
Qf6 15. Bg4 Bxg4 16. Nxg4 Qg6 17. Bxe5 Nxe5 18. Rb1 h5 19. Nxe5 Bxe5 20.
Nf3 Bf6 21. Nh2 Qxe4 22. Qd1 Qg6 23. Re1 Rf7 24. Qd5 Rf8 25. Qf3 Rg7 26. c4
b6 27. Qd5+ Kh8 28. f3 Be5 29. b4 Qc2 30. c5 bxc5 31. bxc5 Bc3 32. Rec1 Qg6
33. cxd6 cxd6 34. Rb5 Rc8 35. Rd1 Be5 36. Rb7 Rgc7 37. Rxc7 Rxc7 38. Nf1
Kg7 39. Nd2 Qc2 40. Ne4 Kg6 41. Qg8+ Kh6 42. Qxg5+ Kh7 43. Qxh5+ Kg8 44.
Nf2 Rb7 45. Qe8+ Kg7 46. Rf1 Bd4 47. Qe1 Qxa2 48. Kh1 Rb2 49. Qe7+ Kg8 50.
Qe8+ Kh7 51. Qf7+ Qxf7 0-1

[Event "FIDE World Rapid Team"]
[Site "London ENG"]
[Date "2025.06.13"]
[Round "10.4"]
[White "Amartuvshin, Ganzorig"]
[Black "Rakotomaharo, Fy Antenaina"]
[Result "1/2-1/2"]
[WhiteElo "2356"]
[BlackElo "2404"]
[EventDate "2025.06.11"]
[Board "1"]

1. d4 d5 2. c4 e6 3. Nc3 Bb4 4. Nf3 c5 5. cxd5 exd5 6. g3 Nc6 7. Bg2 Nge7
8. O-O O-O 9. dxc5 Bxc5 10. a3 Bf5 11. b4 Bb6 12. Bb2 Rc8 13. Na4 Be4 14.
Nxb6 Qxb6 15. Qd2 f6 16. Bc3 Nf5 17. Rfd1 Rcd8 18. Nd4 Nfxd4 19. Bxd4 Nxd4
20. Qxd4 Qxd4 21. Rxd4 Bxg2 22. Kxg2 Rfe8 23. Kf3 Kf7 24. Rc1 Rd7 25. h4
Re6 26. b5 a6 27. Rc5 Red6 28. a4 b6 29. Rc3 axb5 30. axb5 Ra7 31. h5 g6
32. g4 Ke6 33. e3 f5 34. h6 fxg4+ 35. Kxg4 Rdd7 36. Rc6+ Rd6 37. Rc8 Rdd7
38. Rf4 Ke5 39. Re8+ Kd6 40. Rc8 Rac7 41. Rff8 Kc5 42. Rfd8 Kxb5 43. Rxc7
Rxc7 44. Rxd5+ Kc4 45. Rd1 Rf7 46. f4 b5 47. e4 b4 48. e5 b3 49. e6 Rb7 50.
f5 gxf5+ 51. Kxf5 b2 52. Kf6 b1=Q 53. Rxb1 Rxb1 54. e7 Re1 55. Kf7 Rf1+ 56.
Kg7 Re1 57. Kf7 Rf1+ 58. Kg7 Re1 1/2-1/2

[Event "FIDE World Rapid Team"]
[Site "London ENG"]
[Date "2025.06.13"]
[Round "10.4"]
[White "Wanyama, Harold"]
[Black "Amilal, Munkhdalai"]
[Result "0-1"]
[WhiteElo "2246"]
[BlackElo "2341"]
[EventDate "2025.06.11"]
[Board "2"]

1. e4 c5 2. Nf3 d6 3. d4 cxd4 4. Nxd4 Nf6 5. Nc3 a6 6. Be3 e6 7. f3 Qc7 8.
Qd2 b5 9. a3 Bb7 10. O-O-O Nbd7 11. Ndxb5 axb5 12. Nxb5 Qc6 13. Nxd6+ Bxd6
14. Qxd6 Qxd6 15. Rxd6 Ke7 16. Rd2 Rhc8 17. Be2 Ba6 18. Bxa6 Rxa6 19. Bd4
e5 20. Bc3 Rxc3 21. bxc3 Nb6 22. Rhd1 Rxa3 23. Rd3 Nc4 24. Kb1 Ra7 25. g4
Nd7 26. Re1 Nc5 27. Rd5 Na4 28. Rd3 Rb7+ 29. Ka1 Na3 30. Rc1 Nb5 31. Rb1
Ra7 32. Rb3 Nc5+ 33. Kb1 Nc7 34. Rb4 Nxd3 35. cxd3 Ne6 36. d4 Ng5 37. d5
Nxf3 38. h3 Ng5 39. h4 Nf3 40. h5 h6 41. Kb2 Nh2 42. c4 Rc7 43. Kc3 Nxg4
44. Rb6 Kd7 45. Kb4 Nf6 46. d6 Rc6 47. Rb7+ Kxd6 48. Rxf7 Nxh5 49. Kb5 Rc5+
50. Kb4 Rc7 51. Rf1 Nf6 52. Rd1+ Kc6 53. Re1 Rb7+ 54. Kc3 Kc5 0-1

[Event "FIDE World Rapid Team"]
[Site "London ENG"]
[Date "2025.06.13"]
[Round "10.4"]
[White "Munkhzul, Turmunkh"]
[Black "George Samir, David"]
[Result "0-1"]
[WhiteElo "2357"]
[BlackElo "2234"]
[EventDate "2025.06.11"]
[Board "3"]

1. e4 c5 2. Nf3 d6 3. d4 cxd4 4. Nxd4 Nf6 5. Nc3 a6 6. Be3 e5 7. Nb3 Be6 8.
f3 h5 9. Nd5 Bxd5 10. exd5 Nbd7 11. Qd2 g6 12. O-O-O Nb6 13. Kb1 Nbxd5 14.
Bg5 Be7 15. c4 Nf4 16. Bxf4 exf4 17. Bd3 Kf8 18. Qxf4 Kg7 19. Qd4 Qc7 20.
h4 a5 21. Rhe1 a4 22. Nd2 d5 23. cxd5 Bc5 24. Qc3 Qb6 25. Nc4 Qb4 26. Qxb4
Bxb4 27. Re2 Nxd5 28. Be4 Nf4 29. Rc2 Rad8 30. Rxd8 Rxd8 31. a3 Be7 32. g3
Rd1+ 33. Ka2 Nd3 34. Ne3 Re1 35. Nf5+ gxf5 36. Bxd3 Re3 37. Bxf5 Rxf3 38.
Be4 Rxg3 39. Bxb7 Bxh4 40. Rc4 Rg4 41. Rxg4+ hxg4 42. Bc8 g3 43. Bb7 Kg6
44. Kb1 Kg5 45. Kc2 Kg4 46. Bg2 f5 47. Kd3 Bf6 48. Ke2 Bxb2 49. Bc6 Kh3 50.
Kf1 Kh2 0-1

[Event "FIDE World Rapid Team"]
[Site "London ENG"]
[Date "2025.06.13"]
[Round "10.4"]
[White "Mhango, Banele"]
[Black "Gan-Od, Sereenen"]
[Result "1-0"]
[WhiteElo "2136"]
[BlackElo "2294"]
[EventDate "2025.06.11"]
[Board "4"]

1. d4 c5 2. d5 Nf6 3. Nc3 d6 4. e4 g6 5. Be2 Bg7 6. Nf3 O-O 7. O-O Bg4 8.
Nd2 Bxe2 9. Qxe2 Na6 10. Nc4 Nc7 11. a4 a6 12. a5 Nd7 13. Bg5 Nb5 14. Na4
h6 15. Bh4 Nd4 16. Qd1 g5 17. Bg3 f5 18. exf5 Nxf5 19. Nab6 Nxb6 20. Nxb6
Rb8 21. c3 Rf7 22. Qe2 Qe8 23. Ra3 Rd8 24. Re1 Rf8 25. Qe6+ Qf7 26. Rb3 h5
27. f3 Nxg3 28. hxg3 Be5 29. Rxe5 dxe5 30. Nd7 Qxe6 31. dxe6 Rfe8 32. Rxb7
Kg7 33. Kf2 h4 34. g4 c4 35. Ke3 Rh8 36. Ra7 Ra8 37. Rxa8 Rxa8 38. Ke4 Rc8
39. Kd5 Rc7 40. Nb6 Kf6 41. Nd7+ Kg7 42. Nb6 Kf6 43. Nxc4 Rb7 44. Nb6 Kg7
45. c4 Rb8 46. c5 Rf8 47. c6 Rxf3 48. c7 Rf8 49. c8=Q Rxc8 50. Nxc8 Kf6 51.
b4 e4 52. Kxe4 Kxe6 53. b5 Kd7 54. Nb6+ Kc7 55. Nd5+ Kb7 56. b6 e6 57. Nc7
e5 58. Kxe5 1-0

[Event "FIDE World Rapid Team"]
[Site "London ENG"]
[Date "2025.06.13"]
[Round "10.4"]
[White "Uuriintuya, Uurtsaikh"]
[Black "Quickpen, Deborah Ebimobo-Ere"]
[Result "1-0"]
[WhiteElo "2239"]
[BlackElo "2077"]
[EventDate "2025.06.11"]
[Board "5"]

1. e4 c5 2. Nf3 Nc6 3. Bb5 g6 4. O-O Bg7 5. c3 Nf6 6. Re1 O-O 7. d4 cxd4 8.
cxd4 d5 9. e5 Ne4 10. h3 Qb6 11. Ba4 Bf5 12. Bb3 Rfd8 13. Nc3 Nxc3 14. bxc3
Na5 15. Ba3 Qc7 16. Rc1 Bh6 17. Ra1 Qxc3 18. Bxe7 Rd7 19. Bg5 Bxg5 20. Nxg5
Nxb3 21. axb3 Rc7 22. e6 fxe6 23. Nxe6 Re7 24. Rc1 Qb4 25. Nc7 Rxe1+ 26.
Qxe1 Qxe1+ 27. Rxe1 Rd8 28. Re5 Kf7 29. b4 Rd7 30. Nxd5 Be6 31. Nf4 Bc4 32.
Rc5 Rxd4 33. g3 Be6 34. b5 Kf6 35. Kg2 h6 36. h4 Rb4 37. Kf3 Rb3+ 38. Ke4
Bf5+ 39. Kd4 Rb2 40. f3 h5 41. Nd5+ Ke6 42. Nf4+ Kd6 43. Rd5+ Kc7 44. Re5
Rb3 45. Rc5+ Kb8 46. Nxh5 Rxf3 47. Ng7 Rxg3 48. h5 Bc8 49. h6 Rh3 50. Nh5
Rh4+ 51. Ke3 g5 52. Rxg5 Rh3+ 53. Kf4 Rh4+ 54. Ke5 Rb4 55. h7 Rxb5+ 56. Kf6
Rb6+ 57. Kg7 1-0

[Event "FIDE World Rapid Team"]
[Site "London ENG"]
[Date "2025.06.13"]
[Round "10.5"]
[White "Chinguun, Sumiya"]
[Black "Hansen, Eric"]
[Result "1-0"]
[WhiteElo "2271"]
[BlackElo "2582"]
[EventDate "2025.06.11"]
[Board "1"]

1. e4 c5 2. Nf3 Nc6 3. Nc3 e6 4. d4 cxd4 5. Nxd4 a6 6. a3 Qc7 7. Be3 Nf6 8.
f4 d6 9. Qf3 Be7 10. O-O-O O-O 11. Nxc6 bxc6 12. g4 d5 13. g5 dxe4 14. Nxe4
Nd5 15. Kb1 Nxe3 16. Qxe3 Rb8 17. Bc4 e5 18. Qc3 Bf5 19. Ng3 Bg4 20. fxe5
Bxd1 21. Rxd1 Bxg5 22. Nf5 g6 23. e6 gxf5 24. exf7+ Rxf7 25. Rg1 Qf4 26. h4
Qxh4 27. Qe3 f4 28. Qe5 1-0

[Event "FIDE World Rapid Team"]
[Site "London ENG"]
[Date "2025.06.13"]
[Round "10.5"]
[White "Ragnarsson, Dagur"]
[Black "Reimanis, Ritvars"]
[Result "1-0"]
[WhiteElo "2350"]
[BlackElo "2331"]
[EventDate "2025.06.11"]
[Board "2"]

1. d4 Nf6 2. Nf3 e6 3. e3 g6 4. Bd3 Bg7 5. e4 O-O 6. O-O d6 7. Re1 c5 8. e5
dxe5 9. dxe5 Nfd7 10. Bf4 Nc6 11. Nc3 Qb6 12. Qc1 c4 13. Bxc4 Qc5 14. Bb3
Ndxe5 15. Nxe5 Nxe5 16. Ne4 Qd4 17. c3 Qd8 18. Qe3 Qe7 19. Rad1 Rd8 20. Bg5
f6 21. Nxf6+ Bxf6 22. Rxd8+ Qxd8 23. Bxf6 Qxf6 24. Qxe5 Qxe5 25. Rxe5 Bd7
26. f4 Kf7 27. Kf2 Rd8 28. Ke3 b6 29. g4 h6 30. h4 Kf6 31. Re4 Bc8 32. Rd4
Re8 33. g5+ hxg5 34. fxg5+ Ke7 35. Bc2 Rg8 36. Rc4 Kd7 37. Rf4 Ke7 38. Rc4
Kd7 39. Kf4 Bb7 40. Ke5 Bd5 41. Rf4 Bxa2 42. Rf7+ Kc6 43. b3 a5 44. Be4+
Kb5 45. Bd3+ Kc6 46. b4 Rd8 47. b5+ 1-0

[Event "FIDE World Rapid Team"]
[Site "London ENG"]
[Date "2025.06.13"]
[Round "10.5"]
[White "Itgelt, Khuyagtsogt"]
[Black "Delaney, Killian"]
[Result "1-0"]
[WhiteElo "2216"]
[BlackElo "2177"]
[EventDate "2025.06.11"]
[Board "3"]

1. d4 d5 2. c4 Nc6 3. cxd5 Qxd5 4. e3 e5 5. Nc3 Bb4 6. Qd2 Be6 7. Nxd5 Bxd5
8. dxe5 O-O-O 9. Ne2 Bxd2+ 10. Bxd2 Nxe5 11. Nf4 Bc6 12. Bc3 f6 13. f3 Nh6
14. Ne6 Rd7 15. Nd4 Bd5 16. Kf2 c5 17. Nb3 b6 18. Be2 Rhd8 19. Nd2 Bc6 20.
Bxe5 fxe5 21. Nc4 Nf7 22. Rhc1 Kc7 23. a4 Bd5 24. b4 Bxc4 25. Bxc4 Nd6 26.
bxc5 bxc5 27. Bb5 Nxb5 28. Rxc5+ Kd6 29. Rxb5 Ke6 30. Ra2 Rd2+ 31. Rxd2
Rxd2+ 32. Kg3 Rd7 33. Ra5 Kf5 34. f4 Re7 35. Kf3 Kf6 36. fxe5+ Kf5 37. g4+
Kg5 38. Kg3 h5 39. h4+ Kg6 40. Ra6+ Kf7 41. e6+ Kf6 42. gxh5 Kf5 43. Kf3
Ke5 44. Kg4 Ke4 45. Kg5 Kxe3 46. h6 gxh6+ 47. Kf6 1-0

[Event "FIDE World Rapid Team"]
[Site "London ENG"]
[Date "2025.06.13"]
[Round "10.5"]
[White "Vincent, Trevor"]
[Black "Nomin-Erdene, Davaademberel"]
[Result "0-1"]
[WhiteElo "2226"]
[BlackElo "2239"]
[EventDate "2025.06.11"]
[Board "4"]

1. Nf3 f5 2. d3 d6 3. e4 e5 4. d4 fxe4 5. Ng5 exd4 6. Qxd4 Nf6 7. Nxe4 Qe7
8. Nc3 Nc6 9. Qe3 Ng4 10. Qe2 Nd4 11. Qd1 c5 12. Be2 Ne5 13. O-O Bf5 14.
Bg5 Qf7 15. Re1 h6 16. Bh4 Be7 17. Bxe7 Kxe7 18. f4 Bxe4 19. fxe5 Qg6 20.
Nxe4 Qxe4 21. c3 Nxe2+ 22. Rxe2 Qg6 23. exd6+ Kd8 24. Qd5 Rb8 25. Rae1 Rf8
26. Qxc5 Rc8 27. Qd4 Rc6 28. Re6 Qf5 29. Qxa7 Qb5 0-1

[Event "FIDE World Rapid Team"]
[Site "London ENG"]
[Date "2025.06.13"]
[Round "10.5"]
[White "Ulziikhishig, Khishigbat"]
[Black "Garcia Martin, Marta"]
[Result "1-0"]
[WhiteElo "2027"]
[BlackElo "2262"]
[EventDate "2025.06.11"]
[Board "5"]

1. d4 d6 2. c4 e5 3. Nf3 e4 4. Nfd2 f5 5. e3 Nf6 6. Nc3 c6 7. d5 Na6 8. Be2
g6 9. f3 Nc5 10. b4 exf3 11. Nxf3 Nce4 12. Nxe4 fxe4 13. Nd4 Bd7 14. O-O
Bg7 15. Bb2 O-O 16. dxc6 bxc6 17. c5 Nd5 18. Bc4 Rxf1+ 19. Qxf1 Qg5 20. Qf2
dxc5 21. bxc5 Rb8 22. Re1 Kh8 23. h4 Qh5 24. Qf7 Be8 25. Qe6 Qxh4 26. Rf1
Qd8 27. Rf8+ Bxf8 28. Nxc6+ Rxb2 29. Nxd8 Rb1+ 30. Kh2 Ne7 31. Qf6+ Bg7 32.
Qxe7 1-0

[Event "FIDE World Rapid Team"]
[Site "London ENG"]
[Date "2025.06.13"]
[Round "10.5"]
[White "Stojsin, Nikola"]
[Black "Araya Fuentes, Cristian"]
[Result "1-0"]
[WhiteElo "1789"]
[BlackElo "1945"]
[EventDate "2025.06.11"]
[Board "6"]

1. e4 c6 2. d4 d5 3. e5 c5 4. dxc5 Nc6 5. a3 Bf5 6. Nf3 e6 7. b4 Nge7 8.
Bb2 Qc7 9. Bd3 g6 10. O-O Bg7 11. Re1 O-O 12. Qe2 a5 13. b5 Nb8 14. Bd4 Nd7
15. b6 Qc8 16. Bb5 Nxc5 17. c3 Bg4 18. Nbd2 Nd7 19. Rac1 Nc6 20. Qe3 Bxf3
21. Nxf3 h5 22. c4 Kh7 23. cxd5 Bh6 24. Ng5+ Bxg5 25. Qxg5 exd5 26. Bd3 Qe8
27. Rxc6 bxc6 28. Kf1 c5 29. Be3 Kg8 30. Bf4 Qe6 31. Bg3 Kg7 32. f4 Qg4 33.
Qe7 Nxb6 34. Qf6+ Kh7 35. Qxb6 h4 36. Bf2 Qxf4 37. Qxc5 Qxh2 38. Qxd5 Rad8
39. Qe4 h3 40. Bb1 Rd2 41. Qh4+ Kg8 42. Qxh3 Qf4 43. Qf3 Qc4+ 44. Kg1 Rfd8
45. Be3 Rb2 46. Bg5 Rdb8 47. Be4 R8b3 48. Qf6 Qd4+ 49. Kh1 Rf2 50. Qd8+
Qxd8 51. Bxd8 Rxa3 52. Bf6 Raa2 53. Rc1 Kh7 54. Rc8 1-0

[Event "FIDE World Rapid Team"]
[Site "London ENG"]
[Date "2025.06.13"]
[Round "10.6"]
[White "Schneider, Ilja"]
[Black "Orozbaev, Eldiyar"]
[Result "1/2-1/2"]
[WhiteElo "2429"]
[BlackElo "2376"]
[EventDate "2025.06.11"]
[Board "1"]

1. d4 d5 2. c4 dxc4 3. Nf3 Nf6 4. e3 Bg4 5. Bxc4 e6 6. Nc3 Nc6 7. h3 Bh5 8.
b3 Bd6 9. Bb2 O-O 10. O-O e5 11. dxe5 Bxf3 12. Qxf3 Nxe5 13. Qe2 c6 14.
Rfd1 Qe7 15. Bd3 Nxd3 16. Rxd3 Rad8 17. Rad1 Bc7 18. Nb1 Nd5 19. Qg4 f5 20.
Qd4 Rfe8 21. Nd2 Nb6 22. Qc3 Be5 23. Rxd8 Bxc3 24. Rxe8+ Qxe8 25. Bxc3 Nd5
26. Bd4 b6 27. Nf3 Qe4 28. Rc1 c5 29. Be5 g5 30. Ba1 g4 31. hxg4 fxg4 32.
Nd2 Qd3 33. Nf1 h5 34. Re1 Nb4 35. Bf6 Qc2 36. Ng3 b5 37. e4 Nd3 38. Re2
Qd1+ 39. Kh2 c4 40. bxc4 bxc4 41. e5 Nf4 42. Re4 Nd5 43. Rxc4 Nxf6 44. exf6
Qd5 45. Rf4 Kf8 46. Ne4 Qxa2 47. g3 Qd5 48. f7 a5 49. Nf6 Qxf7 50. Nd7+ Ke7
51. Rxf7+ Kxf7 52. Nb6 Ke6 53. Kg2 Kf5 54. Kf1 Kg5 55. Na4 Kf5 56. Ke2 Kg5
57. Nb2 h4 58. gxh4+ Kxh4 59. Kf1 Kh3 60. Kg1 g3 61. fxg3 1/2-1/2

[Event "FIDE World Rapid Team"]
[Site "London ENG"]
[Date "2025.06.13"]
[Round "10.6"]
[White "Degenbaev, Aziz"]
[Black "Fromm, Marius"]
[Result "0-1"]
[WhiteElo "2252"]
[BlackElo "2320"]
[EventDate "2025.06.11"]
[Board "2"]

1. e4 e6 2. d4 d5 3. Nc3 Nf6 4. e5 Nfd7 5. f4 c5 6. Nf3 Nc6 7. Be3 Be7 8.
Qd2 a6 9. Bd3 O-O 10. O-O f6 11. exf6 Nxf6 12. dxc5 d4 13. Nxd4 Nxd4 14.
Bxh7+ Nxh7 15. Qxd4 Qxd4 16. Bxd4 Bd7 17. Rae1 Bf6 18. Be5 Bxe5 19. Rxe5
Rf5 20. Rxf5 exf5 21. Rd1 Bc6 22. b4 Nf6 23. a4 Ne4 24. Nd5 Bxa4 25. Nb6
Bxc2 26. Rd7 Rb8 27. Rc7 Nf6 28. Nc4 Nd5 29. Rd7 Nxb4 30. Nd6 Be4 31. Re7
Nd5 32. Re5 Nxf4 33. g4 Nd3 34. Re7 Nxc5 35. gxf5 Bc6 36. Rc7 a5 37. h4 Rd8
38. Nc4 a4 39. h5 Na6 40. Re7 Re8 41. Rxe8+ Bxe8 0-1

[Event "FIDE World Rapid Team"]
[Site "London ENG"]
[Date "2025.06.13"]
[Round "10.6"]
[White "Florstedt, Johannes"]
[Black "Zhakshylykov, Erzhan"]
[Result "0-1"]
[WhiteElo "2334"]
[BlackElo "2235"]
[EventDate "2025.06.11"]
[Board "3"]

1. e4 e6 2. d4 d5 3. e5 c5 4. c3 Nc6 5. Nf3 Qb6 6. Bd3 cxd4 7. O-O Bd7 8.
Re1 Nge7 9. h4 Rc8 10. a3 a6 11. h5 h6 12. b4 dxc3 13. Nxc3 Nd4 14. Be3
Nxf3+ 15. Qxf3 Qd8 16. Rac1 Nc6 17. Bf4 Be7 18. Bb1 Bg5 19. Ne2 Bxf4 20.
Nxf4 Qg5 21. Nh3 Qh4 22. Kh2 Ke7 23. Rcd1 Nd4 24. Qd3 Nb5 25. Rc1 Rc4 26.
a4 Na7 27. Rxc4 Qxc4 28. Qg3 Kf8 29. Nf4 Qxb4 30. Rc1 Nc6 31. Nd3 Qe7 32.
Nc5 Be8 33. Rc3 Qg5 34. Qf3 Qxe5+ 35. g3 Nd4 36. Qd1 Nc6 37. Qd2 Qxh5+ 38.
Kg2 Qg5 39. Qb2 d4 40. Rf3 Qxc5 41. Qxb7 Ne5 0-1

[Event "FIDE World Rapid Team"]
[Site "London ENG"]
[Date "2025.06.13"]
[Round "10.6"]
[White "Iunusov, Nuriddin"]
[Black "Schulze, Lara"]
[Result "1/2-1/2"]
[WhiteElo "1947"]
[BlackElo "2211"]
[EventDate "2025.06.11"]
[Board "4"]

1. e4 e5 2. Nf3 Nc6 3. Nc3 Nf6 4. Bb5 Bb4 5. O-O O-O 6. d3 Bxc3 7. bxc3 d6
8. Nd2 a6 9. Bxc6 bxc6 10. f4 exf4 11. Rxf4 Qe7 12. Nf3 Bg4 13. c4 Rab8 14.
Bd2 Bh5 15. Bc3 Nd7 16. Qe1 Bxf3 17. Rxf3 Ne5 18. Rf5 f6 19. Qh4 Rb7 20.
Rff1 Rfb8 21. h3 c5 22. Kh2 Qe8 23. Qf4 Qa4 24. Qd2 Qe8 25. Qe1 Nc6 26. Qf2
Ne5 27. Kh1 Qe6 28. Qh4 c6 29. Rae1 Qe8 30. Qg3 Qg6 31. Qh4 Rb6 32. Qf4 Qf7
33. Qf5 Qd7 34. Qh5 R8b7 35. Kh2 Rb8 36. Qh4 R6b7 37. Qg3 Qe6 38. Kh1 Re8
39. Rf2 Reb8 40. Rff1 Ng6 41. Qe3 Re8 42. Qc1 Qc8 43. Rf2 Rd7 44. Qa3 Qb7
45. Rff1 Rb8 46. Kh2 Qc8 47. Qa4 Rb6 48. Rf2 Qb8 49. Ref1 d5+ 50. Kh1 dxe4
51. dxe4 Ne5 52. Rf5 Re7 53. Ba5 Rb1 54. Rxb1 Qxb1+ 55. Kh2 Rd7 56. Bc3 Rd1
57. Qb3 h6 58. Qxb1 Rxb1 59. Bxe5 fxe5 60. Rxe5 Rb2 61. Rxc5 Rxa2 62. Rxc6
a5 63. Rc7 Rxc2 64. c5 a4 65. Kg3 a3 66. Kf3 a2 67. Ra7 Kh7 68. Kf4 Kg6 69.
Ra6+ Kf7 70. g4 Rxc5 71. Rxa2 g5+ 72. Ke3 Rc3+ 73. Kd4 Rxh3 74. Ke5 h5 75.
Ra7+ Kg6 76. Ra6+ Kf7 77. gxh5 Rxh5 78. Kf5 g4+ 79. Kxg4 Rb5 80. Kf4 Ke7
81. Rh6 Ra5 82. Rb6 Rc5 83. Ke3 Ra5 84. Rc6 Rb5 85. Rc4 Ke6 86. Kd4 Ra5 87.
Rb4 Rh5 88. Rb6+ Ke7 89. Ra6 Rg5 90. Ra7+ Ke6 91. Ra8 Rh5 92. Re8+ Kd7 93.
Rg8 Ke6 94. Rg6+ Ke7 95. Rc6 Rg5 96. Ke3 Ra5 97. Kf4 Rb5 98. Ra6 Rc5 99.
Ke3 Rh5 100. Kd4 Rg5 101. Ra7+ Ke6 102. Ra8 Rh5 103. Re8+ Kd7 104. Ra8 Ke6
105. Ra6+ Ke7 106. Rg6 Ra5 107. Rh6 Rb5 108. Rh7+ Ke6 109. Rh6+ Ke7 110.
Ra6 Rh5 111. Ra7+ Ke6 112. Ra8 Rg5 113. Rc8 Rh5 114. Rg8 Ra5 115. Rg6+ Ke7
116. Rb6 Rh5 117. Ra6 Rg5 118. e5 Rg1 119. Ra7+ Ke6 120. Ra6+ Ke7 1/2-1/2

[Event "FIDE World Rapid Team"]
[Site "London ENG"]
[Date "2025.06.13"]
[Round "10.6"]
[White "Rath, Alina"]
[Black "Lesbekova, Assel"]
[Result "1-0"]
[WhiteElo "2038"]
[BlackElo "2004"]
[EventDate "2025.06.11"]
[Board "5"]

1. c4 e5 2. Nc3 f5 3. g3 Nf6 4. Bg2 Nc6 5. d3 d6 6. e4 fxe4 7. dxe4 Bg4 8.
f3 Be6 9. b3 Nd4 10. Be3 c5 11. Nge2 Be7 12. O-O O-O 13. Qd2 a6 14. Nd5
Nxd5 15. cxd5 Bd7 16. Nc3 b5 17. Rac1 b4 18. Nd1 a5 19. Nb2 Bb5 20. Nc4 a4
21. Bxd4 exd4 22. f4 axb3 23. axb3 Bf6 24. Rfe1 Bxc4 25. Rxc4 Ra3 26. Qd3
Re8 27. Rc2 Qa5 28. Rce2 Qa6 29. Qxa6 Rxa6 30. e5 Bd8 31. exd6 Rxe2 32.
Rxe2 Rxd6 33. Rc2 Bb6 34. Kf1 Kf8 35. Ke2 Rd8 36. Kd3 Re8 37. Be4 g6 38.
Ra2 Ke7 39. Ra6 Rb8 40. Kc4 Kd7 41. f5 gxf5 42. Bxf5+ Kc7 43. Bxh7 Re8 44.
Kb5 Re7 45. d6+ Kxd6 46. Rxb6+ Kd5 47. Bd3 Ra7 48. Bc4+ Ke4 49. Re6+ Kf5
50. Re2 Rc7 51. h3 Kf6 52. Bd3 Rc8 53. g4 Kg5 54. Re5+ Kf4 55. Rxc5 Rb8+
56. Kc4 Ke3 57. g5 Ra8 58. g6 Ra1 59. Re5+ Kd2 60. Re2+ Kd1 61. Rg2 1-0

[Event "FIDE World Rapid Team"]
[Site "London ENG"]
[Date "2025.06.13"]
[Round "10.6"]
[White "Tazhimyrzaev, Elzarbek"]
[Black "Ziems, Michael"]
[Result "1/2-1/2"]
[WhiteElo "1803"]
[BlackElo "1890"]
[EventDate "2025.06.11"]
[Board "6"]

1. e4 c5 2. Nc3 Nc6 3. f4 e6 4. Nf3 d5 5. d3 Nf6 6. Be2 b5 7. e5 Ng4 8. O-O
a6 9. Qe1 Qb6 10. Kh1 Bb7 11. Bd2 Be7 12. Qg3 f5 13. exf6 Nxf6 14. Rae1
O-O-O 15. Ng5 Nd4 16. Bd1 Rhf8 17. Qh3 Kb8 18. f5 Bc8 19. Nxe6 Nxe6 20.
fxe6 Ka8 21. a4 b4 22. a5 Qc6 23. Nb1 h5 24. Bg5 h4 25. Bf3 Bb7 26. Nd2 Qc7
27. Nb3 Bc6 28. d4 Ne4 29. Bxe7 Qxe7 30. Nxc5 Nd2 31. Rf2 Nxf3 32. Rxf3
Rxf3 33. Qxf3 Rf8 34. Qe2 Bb5 35. Qe5 Ka7 36. h3 Rf2 37. Qxd5 Rxc2 38. Qf5
Bc6 39. Rg1 Rxb2 40. Qf7 Qxf7 41. exf7 Rf2 42. Ne6 Rxf7 43. Rc1 Bd5 44. Nc7
Be4 45. Re1 Bc2 46. Nd5 b3 47. Nb4 Rc7 48. Kh2 Rc4 49. Nxc2 Rxc2 50. Re3 b2
51. Rb3 Rd2 52. Rb4 Rxd4 53. Rxb2 Ra4 54. Rd2 Rxa5 55. Rd7+ Kb6 56. Rxg7
Rh5 57. g4 hxg3+ 58. Kxg3 a5 59. Kg4 Rh8 60. Rf7 a4 61. h4 Kb5 62. h5 a3
63. Ra7 Kb4 64. Kg5 Kb3 65. h6 1/2-1/2

[Event "FIDE World Rapid Team"]
[Site "London ENG"]
[Date "2025.06.13"]
[Round "10.7"]
[White "Derakhshani, Borna"]
[Black "Fernandez, Daniel Howard"]
[Result "1-0"]
[WhiteElo "2240"]
[BlackElo "2380"]
[EventDate "2025.06.11"]
[Board "1"]

1. e4 d5 2. exd5 Qxd5 3. Nc3 Qa5 4. d4 Nf6 5. Nf3 c6 6. Bd2 Qc7 7. Bc4 Bg4
8. h3 Bh5 9. Qe2 Nbd7 10. g4 Bg6 11. Ne5 Nb6 12. Bb3 Nfd7 13. O-O-O Nxe5
14. dxe5 e6 15. f4 h5 16. Qf3 O-O-O 17. f5 hxg4 18. hxg4 Rxh1 19. Rxh1 exf5
20. gxf5 Qd7 21. fxg6 Qxd2+ 22. Kb1 fxg6 23. Qg4+ Kc7 24. Qxg6 Qf4 25. Re1
a5 26. e6 Qh4 27. Qg1 Be7 28. a3 Qd4 29. Qg3+ Bd6 30. Qg5 Qf6 31. Qxa5 Ra8
32. Qh5 Nc8 33. Ne4 Qe5 34. Qe8 g5 35. Qd7+ Kb8 36. Nxd6 Qxd6 37. Qg7 Qe7
38. Qe5+ Nd6 39. Rd1 Kc7 40. c4 b6 41. c5 bxc5 42. Qxc5 g4 43. Bd5 Qe8 44.
Bg2 Nb7 45. Qe5+ Kb6 46. Rd7 Rc8 47. Qd4+ Nc5 48. Qb4+ 1-0

[Event "FIDE World Rapid Team"]
[Site "London ENG"]
[Date "2025.06.13"]
[Round "10.7"]
[White "Badacsonyi, Stanley"]
[Black "Balaji, Aaravamudhan"]
[Result "0-1"]
[WhiteElo "2316"]
[BlackElo "2278"]
[EventDate "2025.06.11"]
[Board "2"]

1. d4 d5 2. c4 e6 3. Nc3 Be7 4. cxd5 exd5 5. Bf4 c6 6. e3 Bd6 7. Bxd6 Qxd6
8. Bd3 Nf6 9. Qc2 O-O 10. Nge2 Re8 11. O-O Nbd7 12. Rfe1 g6 13. Rad1 Nb6
14. Ng3 Bg4 15. f3 Bd7 16. Qf2 Kg7 17. a3 h5 18. h3 c5 19. dxc5 Qxc5 20.
Rc1 Qd6 21. Nge2 Re7 22. Nd4 Rae8 23. Rcd1 Na4 24. Nxa4 Bxa4 25. Rc1 Rc7
26. Rb1 Rce7 27. Re2 Nd7 28. Rc1 Nc5 29. Rc3 Nxd3 30. Rxd3 Rc8 31. Re1 Qf6
32. Qg3 h4 33. Qf2 Bd7 34. f4 Ba4 35. b3 Bd7 36. Red1 Rce8 37. a4 Qb6 38.
Kh2 Qf6 39. Kg1 Qb6 40. Re1 Qf6 41. Nf3 Bf5 42. Rd4 Be4 43. Nxh4 Rh8 44. g3
Rc7 45. Kh2 Rc3 46. b4 g5 47. Nf3 g4 48. Ng5 Qxg5 49. Rxe4 Rxh3+ 50. Kg2
Qh5 51. Re5 Rh2+ 52. Kg1 Rh1+ 0-1

[Event "FIDE World Rapid Team"]
[Site "London ENG"]
[Date "2025.06.13"]
[Round "10.7"]
[White "Waldhausen Gordon, Frederick"]
[Black "Banerjee, Supratit"]
[Result "1-0"]
[WhiteElo "2153"]
[BlackElo "2067"]
[EventDate "2025.06.11"]
[Board "3"]

1. Nf3 Nf6 2. c4 g6 3. g3 Bg7 4. Bg2 O-O 5. O-O d6 6. d4 Nc6 7. Nc3 e5 8.
dxe5 dxe5 9. Bg5 h6 10. Qxd8 Rxd8 11. Bxf6 Bxf6 12. Nd5 Kg7 13. Nxc7 Rb8
14. e4 Be7 15. Rad1 Be6 16. Nd5 Bc5 17. b3 a5 18. Ne1 Bg4 19. Bf3 Bh3 20.
Bg2 Bg4 21. Bf3 Bh3 22. Ng2 Nd4 23. Rd3 h5 24. Re1 b5 25. cxb5 Rxb5 26. Be2
Nxe2+ 27. Rxe2 Bd4 28. Ngf4 Bg4 29. Rc2 Rc5 30. Rxc5 Bxc5 31. Nc3 Rd4 32.
Rxd4 exd4 33. Na4 Bd6 34. Nd3 Be2 35. Nab2 Bf3 36. e5 Bb4 37. Nxb4 axb4 38.
Kf1 Be4 39. Ke2 Bb1 40. Kd2 Kh6 41. Nd3 Kg5 42. f3 Kf5 43. Nxb4 Kxe5 44. a4
Bf5 45. Nc6+ Kd6 46. Nxd4 Bd7 47. Kc3 Kd5 48. a5 Bc8 49. b4 g5 50. Nb3 Bd7
51. Nc5 Bc6 52. a6 f5 53. f4 gxf4 54. gxf4 h4 55. a7 Ba8 56. Nb3 Kc6 57.
Nd4+ Kb6 58. Nxf5 h3 59. Nd6 Kxa7 60. f5 Kb6 61. f6 Bd5 62. f7 Bxf7 63.
Nxf7 Kc6 64. Ng5 Kd5 65. Nxh3 1-0